| 000 | 00612nam a22002177a 4500 | ||
|---|---|---|---|
| 003 | OSt | ||
| 005 | 20260422024633.0 | ||
| 008 | 260422b |||||||| |||| 00| 0 eng d | ||
| 020 | _a0-07-231692-6 | ||
| 040 |
_aDWC-Main lib. _cOC |
||
| 082 | _aCirc. 513.14 B311 2001 | ||
| 100 | _aStreeter, James | ||
| 245 |
_aBasic mathematical skills with geometry/ _cJames Streeter |
||
| 260 |
_aBoston : _bMcGraw-Hill, _cc2001. |
||
| 300 |
_axxv, 790 p. ; _c27 cm. |
||
| 504 | _aIncludes index. | ||
| 650 | _a1. Algebra. | ||
| 650 | _a2. Arithmetic. | ||
| 650 | _a3. Geometry. | ||
| 942 |
_2ddc _cBK-CIRC _hCirc. _n0 |
||
| 999 |
_c9653 _d9653 |
||